Best Selling Female Artists - Statistics

General Stats
  • This quiz has been taken 104 times
  • The average score is 8 of 20
Answer Stats
# of albums sold Artist % Correct
64.5m Madonna
85%
58.5m Whitney Houston
76%
64.0m Mariah Carey
74%
22.5m Rihanna
70%
43.0m Taylor Swift
70%
50.0m Celine Dion
64%
34.5m Britney Spears
54%
28.0m Adele
52%
68.5m Barbra Streisand
48%
26.0m Janet Jackson
44%
48.0m Shania Twain
36%
19.5m Carrie Underwood
20%
20.5m Alanis Morissette
18%
20.5m Mary J. Blige
13%
30.5m Dixie Chicks
11%
25.5m Faith Hill
11%
41.0m Reba McEntire
8%
30.0m Linda Ronstadt
7%
19.5m Toni Braxton
4%
23.5m Sade
1%
No matching quizzes found
Score Distribution
Percent of People with Each Score
Percentile by Number Answered
Your Score History
You have not taken this quiz